I S C Accounts vol I for class XI / (Record no. 42753)

MARC details
000 -LEADER
fixed length control field 00984nam a22002417a 4500
005 - DATE AND TIME OF LATEST TRANSACTION
control field 20100820152427.0
010 ## - LCCN (DPL NO)
LC control number ENG-101140-101141
020 ## - INTERNATIONAL STANDARD BOOK NUMBER
International Standard Book Number 8120914406
Terms of availability 350.00
020 ## - INTERNATIONAL STANDARD BOOK NUMBER
International Standard Book Number 8120914414
Terms of availability 350.00
035 ## - SYSTEM CONTROL NUMBER
System control number EN-84673-84674
037 ## - SOURCE OF ACQUISITION
Source of stock number/acquisition DBAD/PUB
082 ## - DEWEY DECIMAL CLASSIFICATION NUMBER
Classification number 657
100 ## - MAIN ENTRY--PERSONAL NAME
Personal name Bharat Bhushan
245 ## - TITLE STATEMENT
Title I S C Accounts vol I for class XI /
Statement of responsibility, etc by Bharat Bhushan [and] Sinha T K
250 ## - EDITION STATEMENT
Edition statement 2nd ed.
260 ## - PUBLICATION, DISTRIBUTION, ETC. (IMPRINT)
Place of publication, distribution, etc New Delhi
Name of publisher, distributor, etc Pitambar Publishing Company
Date of publication, distribution, etc 2009
270 ## - ADDRESS
Address 888 East Park Road Karol Bagh
City New Delhi
Postal code 110005
300 ## - PHYSICAL DESCRIPTION
Extent 2 v (xvi,1132p,xx,1224)
Dimensions 21cm(pbk)
700 ## - ADDED ENTRY--PERSONAL NAME
Personal name Sinha, T K
9 (RLIN) 15678
942 ## - ADDED ENTRY ELEMENTS (KOHA)
Source of classification or shelving scheme Dewey Decimal Classification
Item type English Books
Classification part 657
Call number suffix BHA
Holdings
Withdrawn status Lost status Not for loan Collection code Home library Current library Date acquired Source of acquisition Cost, normal purchase price Full call number Barcode Copy number Cost, replacement price Koha item type Public note
    Not For Loan Non-fiction D.B.Act.Division D.B.Act.Division 20/08/2010 DBAD/PUB 350.00 657 BHA EN-84673 1 350.00 English Books v 1
    Not For Loan Non-fiction D.B.Act.Division D.B.Act.Division 20/08/2010 DBAD/PUB 350.00 657 BHA EN-84674 1 350.00 English Books v 2

© Delhi Public Library
Hit Counter
free hit counter